Religion in Greece - Statistics

General Stats
  • This quiz has been taken 50 times
  • The average score is 3 of 5
Answer Stats
Percentage Religion % Correct
90% Orthodox
89%
2% Islam
83%
3% Christian
65%
1% Other
46%
4% None
43%
No matching quizzes found
Score Distribution
Percent of People with Each Score
Percentile by Number Answered
Your Score History
You have not taken this quiz